Verdad o ficción (Registro nro. 10672)

Detalles MARC
000 - LÍDER
campo de control de longitud fija 00882cam a2200241 a 4500
003 - IDENTIFICADOR DE NÚMERO DE CONTROL
campo de control OSt
005 - FECHA Y HORA DE LA ÚLTIMA TRANSACCIÓN
campo de control 20210818181453.0
008 - ELEMENTOS DE DATOS DE LONGITUD FIJA - INFORMACIÓN GENERAL
campo de control de longitud fija 161007t2012 ck a|||gr|||| 000 0 spa d
020 ## - INTERNATIONAL STANDARD BOOK NUMBER
International Standard Book Number 9789583045653
040 ## - FUENTE DE CATALOGACIÓN
Lenguaje de catalogación spa
041 ## - CÓDIGO DE LENGUAJE
Código de idioma de texto / pista de sonido o título separado spa
082 04 - NÚMERO DE CLASIFICACIÓN DECIMAL DEWEY
Número de clasificación 612
Número de artículo SA272v
100 1# - ENTRADA PRINCIPAL - NOMBRE PERSONAL
9 (RLIN) 49083
Nombre de la persona Saxby, Claire
245 ## - TÍTULO DECLARACIÓN
Título Verdad o ficción
Resto del título cuerpo humano
Declaración de responsabilidad Claire Saxby, traductora Diana Esperanza Gómez
260 ## - PUBLICACIÓN, DISTRIBUCIÓN
Lugar de publicación Bogotá
Nombre del editor Panamericana
Fecha de publicación 2014
300 ## - DESCRIPCIÓN FÍSICA
Alcance 224 páginas
Otros datos físicos ilustraciones
Dimensiones 15 centímetros
534 ## - NOTA DE VERSIÓN ORIGINAL
Declaración de título del original Freaky fact of fiction. Human body
650 #0 - ENTRADA DE SUJETO AÑADIDO - TÉRMINO TÓPICO
9 (RLIN) 10703
Término tópico o elemento de entrada del nombre geográfico Cuerpo Humano
Subdivisión de forma Preguntas y Respuestas
Subdivisión general Literatura Juvenil
650 #0 - ENTRADA DE SUJETO AÑADIDO - TÉRMINO TÓPICO
9 (RLIN) 10703
Término tópico o elemento de entrada del nombre geográfico Cuerpo Humano
Subdivisión de forma Literatura Infantil
650 #0 - ENTRADA DE SUJETO AÑADIDO - TÉRMINO TÓPICO
9 (RLIN) 18330
Término tópico o elemento de entrada del nombre geográfico Anatomia Humana
Subdivisión de forma Literatura Infantil
700 ## - ENTRADA AGREGADA - NOMBRE PERSONAL
9 (RLIN) 49084
Nombre de la persona Gomez, Diana Esperanza
Término del Relator traducción
942 ## - ELEMENTOS DE ENTRADA AGREGADOS (KOHA)
Fuente de clasificación o esquema de estanterías Dewey Decimal Classification
Parte de clasificación 612 SA272v
Prefijo del número de llamada 612
Sufijo del número de llamada SA272v
Existencias
Estado de retirada Pérdida de estatus Fuente de clasificación o esquema de estanterías Estado dañado No para préstamo Código de recogida Ubicación permanente Ubicación actual Ubicación de las estanterías Fecha de adquisición Total de Cajas Número Topográfico Código de barras Precio efectivo desde Número de copia Fecha de la última vez que se vio Tipo de artículo Koha
    Dewey Decimal Classification     General Biblioteca Pública Departamental Comfamiliar Risaralda Biblioteca Pública Departamental Comfamiliar Risaralda Área General 07/10/2016   612 SA272v 1000313 07/10/2016 Ej.1 14/12/2018 Libro